[Event "20th Prague Open 2022"]
[Site "Prague"]
[Date "2022.01.09"]
[Round "4.24"]
[White "Grutter, Tim"]
[Black "Zadrapa, Radek"]
[Result "1-0"]
[WhiteElo "2194"]
[BlackElo "2021"]
[Annotator "NA RC"]
[PlyCount "91"]
[EventDate "2022.01.07"]
[EventType "swiss"]
[EventCountry "CZE"]
[SourceTitle "playchess.com"]
[Source "ChessBase"]
[SourceQuality "1"]
[TimeControl "40/5400+30:1800+30"]

1. e4 {[%emt 0:00:05]} c5 {[%emt 0:00:05]} 2. Nf3 {[%emt 0:00:09]} d6 {[%emt 0:00:04]} 3. d4 {[%emt 0:00:05]} cxd4 {[%emt 0:00:02]} 4. Nxd4 {[%emt 0:00:05]} Nf6 {[%emt 0:00:03]} 5. Nc3 {[%emt 0:00:05]} a6 {[%emt 0:00:04]} 6. h4 {[%emt 0:00:39]} b5 {[%emt 0:02:26]} 7. a4 {[%emt 0:00:25]} b4 {[%emt 0:08:07]} 8. Nd5 {[%emt 0:00:49]} e6 {[%emt 0:08:41]} 9. Nxf6+ {[%emt 0:01:52]} Qxf6 {[%emt 0:02:28]} 10. Bg5 {[%emt 0:06:23]} Qe5 {[%emt 0:01:45]} 11. Bd3 {[%emt 0:04:47]} Nd7 {[%emt 0:03:11]} 12. Nf3 {[%emt 0:07:41]} Qxb2 {[%emt 0:04:32]} 13. O-O {[%emt 0:01:00]} h6 {[%emt 0:01:33]} 14. Bd2 {[%emt 0:06:41]} Be7 {[%emt 0:07:02]} 15. Qe2 {[%emt 0:06:11]} Qf6 {[%emt 0:05:45]} 16. Bxb4 {[%emt 0:03:27]} O-O $16 {[%emt 0:02:27]} ({Black should play} 16... e5 $14) 17. e5 {[%emt 0:02:56]} Qf4 {[%emt 0:02:52]} 18. exd6 {[%emt 0:07:44]} Qxb4 {[%emt 0:10:13]} 19. dxe7 {[%emt 0:00:30]} Re8 {[%emt 0:00:07]} 20. Rfb1 {[%emt 0:09:12]} Qg4 {[%emt 0:03:57]} 21. Qe3 {[%emt 0:04:22]} Nf6 {[%emt 0:03:56]} 22. Qc5 {[%emt 0:09:01]} Bd7 {[%emt 0:04:14]} 23. Rb4 {[%emt 0:02:44]} Qh5 {[%emt 0:01:30]} 24. Qxh5 {[%emt 0:00:27]} Nxh5 {[%emt 0:00:06]} 25. Ne5 {[%emt 0:00:31]} Ra7 {[%emt 0:08:29]} 26. Nxd7 {[%emt 0:01:14]} Rxd7 {[%emt 0:00:09]} 27. Bxa6 {[%emt 0:00:12]} Rdxe7 {[%emt 0:00:11]} 28. Rb7 {[%emt 0:02:09]} Kf8 {[%emt 0:00:18]} 29. Rab1 {[%emt 0:02:16]} Ra8 {[%emt 0:02:19]} 30. Rxe7 {[%emt 0:02:06]} Kxe7 {[%emt 0:00:05]} 31. Rb7+ {[%emt 0:00:09]} Kd6 {[%emt 0:00:41]} 32. Bb5 {[%emt 0:00:24]} f5 {[%emt 0:00:26]} 33. c4 {[%emt 0:01:53]} Ra5 {[%emt 0:02:44]} 34. Rb6+ {[%emt 0:01:53]} Ke7 {[%emt 0:00:44]} 35. c5 {[%emt 0:00:11]} Nf6 {[%emt 0:00:28]} 36. Rb7+ {[%emt 0:00:11]} Kd8 {[%emt 0:01:20]} 37. Rxg7 {[%emt 0:00:11]} Ne4 {[%emt 0:00:15]} 38. c6 {[%emt 0:00:19]} Nc5 {[%emt 0:01:27]} 39. Rh7 {[%emt 0:01:32]} Nxa4 {[%emt 0:01:05]} 40. c7+ {[%emt 0:00:10]} Kc8 {[%emt 0:00:18]} 41. Bd7+ {[%emt 0:30:05]} Kxc7 {[%emt 0:30:08]} 42. Bxa4+ {[%emt 0:00:05]} Kd6 {[%emt 0:00:23]} 43. Be8 {[%emt 0:00:58]} Ra8 {[%emt 0:01:38]} 44. Bh5 {[%emt 0:00:33]} Ra4 {[%emt 0:00:12]} 45. g3 {[%emt 0:00:24]} f4 {[%emt 0:00:30]} 46. Rxh6 {[%emt 0:01:00]} 1-0